00568cam a2200205 i 45000010008000000030009000080050017000170080041000340100017000750200011000920400028001030500018001310820016001491000036001652450046002012500012002472600043002593000024003026500036003263191947BDDh-ASL20231015025937.0770511s1975 pk 000 0 eng  a 76938596  cRs6.75 aDLCcDLCdDLCdBDDh-ASL00aBP161.2b.A4700a297.5bAJW 1 aAjijola, Adeleke Dirisu,d1932-10aWhy I believe in Islam? /cA. D. Ajijola. a1st ed. aLahore :bIslamic Publications,c1975. aix, 65 p. :c18 cm. 0aIslamxEssence, genius, nature.